[Event "UOP-Exemplars"]
[Site "?"]
[Date "2000.05.20"]
[Round "2"]
[White "Micklich, F"]
[Black "Cumberland, M"]
[Result "1-0"]
[WhiteElo "1617"]
[BlackElo "1326"]
[PlyCount "109"]
[EventDate "2000.??.??"]

1. e4 d6 2. d4 e6 3. Nc3 b6 4. Nf3 Bb7 5. Bb5+ Nd7 6. e5 d5 7. Be3 g6 8. Qd2 h6
9. h3 Ne7 10. Nh2 Nf5 11. Ng4 { } 11... Nxe3 12. Nf6+ Ke7 13. fxe3 Nxf6 14.
exf6+ Kxf6 15. O-O-O Kg7 16. Ne2 Bd6 17. g4 Qe7 18. Rdf1 c6 19. Bd3 Rhf8 20. h4
Rad8 21. Ng1 Rd7 22. Rf3 c5 23. c3 { } 23... c4 24. Bc2 a6 25. Rfh3 Bc6 26. Nf3
Rh8 27. Kb1 a5 28. h5 g5 29. Qc1 Ra7 30. Nd2 a4 31. a3 b5 32. e4 b4 33. cxb4
Bf4 34. Qe1 Rc8 35. Rc3 e5 36. exd5 Bxd5 37. Qf2 { } 37... Bxd2 38. Qxd2 Bxh1
39. dxe5 Qxe5 40. Bf5 Be4+ 41. Ka1 Bxf5 42. gxf5 { } 42... Qxf5 43. Qd4+ Kg8
44. Qxa7 Qf1+ 45. Ka2 { } 45... Rf8 (45... Re8 $1 46. Qd7 (46. Qc5 Re1 47. Qxc4
Ra1#) (46. Qxa4 46... Re1 {and White has to sac Rook to stop mate} 47. Rxc4 (
47. b3 Ra1+ 48. Kb2 Qb1#) 47... Qxc4+ 48. Qb3) 46... Re1 47. Qd8+ 47... Kh7 {
White has run out of checks}) 46. b5 Kg7 47. Qxa4 Qf6 48. Qb4 Qe6 49. a4 Rc8
50. a5 g4 51. b6 { } 51... g3 52. Rxg3+ Kh7 53. Rc3 f5 54. Qb5 f4 55. b7 1-0

[Event "Tyros-Dragons"]
[Site "?"]
[Date "2000.05.20"]
[Round "2"]
[White "Stinson, M"]
[Black "Pehas, A"]
[Result "1/2-1/2"]
[WhiteElo "1942"]
[BlackElo "1939"]
[PlyCount "88"]
[EventDate "2000.??.??"]

1. d4 d5 2. c4 c6 3. cxd5 cxd5 4. Nc3 Nf6 5. Nf3 Nc6 6. Bf4 Bf5 7. e3 a6 8. a3
e6 9. Be2 Rc8 10. Rc1 Be7 11. O-O O-O 12. h3 h6 13. Qa4 Ne4 14. Rfd1 Bd6 15.
Bxd6 Qxd6 16. Nd2 Nxd2 17. Rxd2 { } 17... Bg6 18. b4 b5 19. Qxa6 Ra8 20. Nxb5
Rxa6 21. Nxd6 { } 21... Rb6 22. Nb5 Ra8 23. Rc3 Na7 24. Nxa7 Rxa7 25. Bd3 Kh7
26. Bxg6+ Kxg6 27. Kf1 Kf5 28. Ke2 Rba6 29. Rdd3 h5 30. g3 g5 31. Kd2 g4 32. h4
Ke4 33. Ke2 Rb6 34. Rc8 Rba6 35. Rcc3 35... Rb6 { } 36. Rb3 Rc7 37. Rdc3 Rcb7
38. Rc8 Ra7 39. b5 Ra5 40. Rc7 40... f6 { } 41. Rc5 (41. Rc6 $1 41... Rbxb5 (
41... Raxb5 $4 42. Rxb6) 42. Rxb5 Rxb5 43. Rxe6+ Kf5 44. Ra6) 41... Ra4 42.
Rbc3 Ra5 43. Rb3 Ra4 44. Rbc3 Ra5 1/2-1/2

[Event "Dragons-Tyros"]
[Site "?"]
[Date "2000.05.20"]
[Round "2"]
[White "Altshuller, D"]
[Black "Buchner, R"]
[Result "0-1"]
[WhiteElo "1728"]
[BlackElo "1943"]
[PlyCount "42"]
[EventDate "2000.??.??"]

1. e4 e5 2. Nf3 Nf6 3. Nxe5 3... d6 { } 4. Nxf7 Kxf7 5. d4 c5 6. Bc4+ d5 7.
exd5 Bd6 8. O-O Re8 9. dxc5 Bxc5 10. d6+ { } 10... Be6 11. Bb5 Nc6 12. Bf4 Kg8
13. Nc3 a6 14. Bxc6 bxc6 15. Na4 15... Ba7 { } 16. Re1 Qd7 17. Rc1 Rf8 18. Qe2
18... Rae8 { } 19. c4 Ng4 20. Be3 Bxe3 21. fxe3 Qxd6 0-1

[Event "Tyros-Dragons"]
[Site "?"]
[Date "2000.05.20"]
[Round "2"]
[White "Diaz, P"]
[Black "Dobrovolny, C"]
[Result "1-0"]
[WhiteElo "1996"]
[BlackElo "1776"]
[PlyCount "111"]
[EventDate "2000.??.??"]

1. b3 e5 2. Bb2 Nc6 3. e4 Nf6 4. Nc3 Bc5 5. Be2 O-O 6. Nf3 a6 7. O-O d6 8. h3
8... Nd4 { } 9. a3 b5 10. b4 Bb6 11. d3 Nxe2+ 12. Qxe2 Qe7 13. Nd1 Bd7 14. Ne3
g6 15. Nh2 c6 16. Nhg4 Nh5 17. g3 Qg5 18. Kh2 f5 19. f4 { } 19... Nxg3 20. fxg5
Nxe2 21. exf5 Bxe3 22. Nxe3 gxf5 23. Rf2 { } 23... f4 24. Nf1 Ng3 25. Rf3 Nf5
26. Nd2 Ng3 27. Ne4 Nxe4 28. dxe4 Rad8 29. Rd3 { } 29... Be8 30. Bxe5 Bg6 31.
Bxd6 Rxd6 32. Rxd6 Bxe4 33. Rf6 Rxf6 34. gxf6 Kf7 35. Rf1 f3 36. Kg3 Kxf6 37.
Kf4 Bd5 38. h4 h6 39. Rf2 Ke7 40. Rf1 Ke6 41. c3 Ke7 42. Kg4 Kf6 43. Kh5 Kg7
44. Rg1+ Kh7 45. Kg4 Kg6 46. Kf4+ Kf6 47. Ke3 47... Kf5 { } 48. Rg7 Kf6 49. Ra7
Kg6 50. Rxa6 Kh5 51. a4 bxa4 52. Rxa4 { } 52... Kxh4 53. b5+ Kg3 54. b6 c5 55.
Ra7 Kg2 56. Rg7+ 1-0

[Event "Dragons-Tyros"]
[Site "?"]
[Date "2000.05.20"]
[Round "2"]
[White "Blackmon, E"]
[Black "Stoltz, B"]
[Result "0-1"]
[WhiteElo "1786"]
[BlackElo "1846"]
[PlyCount "62"]
[EventDate "2000.??.??"]

1. e4 c5 2. Nf3 Nc6 3. d4 cxd4 4. Nxd4 g6 5. c4 Bg7 6. Be3 Nf6 7. f3 O-O 8. Be2
d6 9. O-O Bd7 10. Nc3 Nxd4 11. Bxd4 Bc6 12. Rc1 Nd7 13. Nd5 a5 14. Bxg7 Kxg7
15. Qd4+ f6 16. f4 e6 17. b3 Nc5 18. Nc3 e5 19. Qe3 Ne6 20. f5 Nd4 21. fxg6
hxg6 22. Bg4 Bd7 23. Bxd7 Qxd7 24. Nd5 Qc6 25. Rf2 Rf7 26. Rcf1 Raf8 27. Qh3
Qe8 28. Qg4 Qe6 29. Qg3 f5 30. exf5 Rxf5 31. Nc7 { } 31... Ne2+ 0-1

[Event "MotKnights-BankAm"]
[Site "?"]
[Date "2000.05.20"]
[Round "2"]
[White "Fridman, Y"]
[Black "Jasaitis, A"]
[Result "0-1"]
[WhiteElo "2007"]
[BlackElo "2133"]
[PlyCount "106"]
[EventDate "2000.??.??"]

1. e4 Nf6 2. e5 Nd5 3. d4 d6 4. c4 Nb6 5. Nf3 Bg4 6. exd6 cxd6 7. Nc3 Nc6 8.
Be2 g6 9. O-O Bg7 10. Be3 { } 10... Bxf3 11. Bxf3 Nxc4 12. Bxc6+ bxc6 13. Qa4
Nb6 14. Qxc6+ 14... Qd7 { } 15. Qe4 d5 16. Qd3 O-O 17. Rac1 Rfc8 18. Rc2 Rc6
19. Rfc1 Rac8 20. Ne2 Rxc2 21. Rxc2 Rc6 22. Rxc6 Qxc6 23. b3 Nc8 24. Nc3 Nd6
25. Na4 Nf5 26. Nc3 Nd6 27. h3 e6 28. Na4 Nf5 29. Nc5 { } 29... f6 30. b4 e5
31. a4 Nxd4 32. Bxd4 exd4 33. Qxd4 f5 34. Qd3 Bf8 35. Qa6 Qxa6 36. Nxa6 Kf7 37.
Kf1 Ke6 38. Ke2 Kd7 39. b5 Kd6 40. Kd3 { } 40... Ke5 41. f3 Bd6 42. a5 Kf4 43.
b6 axb6 44. axb6 Kg3 45. b7 Kxg2 46. Ke2 d4 47. b8=Q Bxb8 48. Nxb8 { } 48...
d3+ 49. Kxd3 Kxf3 50. Nd7 g5 51. Nf6 h6 52. Nh5 g4 53. hxg4 53... fxg4 { } 0-1

[Event "BankAm-MotKnights"]
[Site "?"]
[Date "2000.05.20"]
[Round "2"]
[White "Friesema, B"]
[Black "Samelson, C"]
[Result "1/2-1/2"]
[WhiteElo "2054"]
[BlackElo "1919"]
[PlyCount "94"]
[EventDate "2000.??.??"]

1. e4 e6 2. d3 d5 3. Nd2 Nf6 4. g3 dxe4 5. dxe4 Bc5 6. Bg2 Nc6 7. Ngf3 e5 8.
Qe2 O-O 9. c3 a6 10. O-O Qe7 11. Nb3 Ba7 12. h3 Rd8 13. Bg5 h6 14. Be3 { }
14... Be6 15. Bxa7 Rxa7 16. Rfd1 Raa8 17. Qe3 b6 18. Nh4 Rxd1+ 19. Rxd1 Rd8 20.
Qe2 Rxd1+ 21. Qxd1 Qd7 22. Qxd7 22... Nxd7 { } 23. Bf1 b5 24. Nf3 Bxb3 25. axb3
Nc5 26. Nd2 Nd8 27. f3 c6 28. Kf2 Nde6 29. Ke3 { } 29... g5 30. Be2 Kf8 31. Bd1
a5 32. Nb1 f6 33. Na3 Ke7 34. Kd2 Kd6 35. b4 axb4 36. cxb4 Na6 37. Kc3 37...
Nd4 { } 38. f4 gxf4 39. gxf4 Nc7 40. f5 Ke7 41. Nc2 Nxc2 42. Kxc2 Ne8 43. Kd3
Ng7 44. Ke3 Kd6 45. Kd3 { } 45... c5 46. Kc3 c4 47. Be2 Kc6 1/2-1/2

[Event "MotKnights-BankAm"]
[Site "?"]
[Date "2000.05.20"]
[Round "2"]
[White "Horton, D"]
[Black "Losoff, A"]
[Result "1-0"]
[WhiteElo "1805"]
[BlackElo "1860"]
[PlyCount "76"]
[EventDate "2000.??.??"]

1. e4 c5 2. Nf3 d6 3. Bb5+ Nc6 4. Bxc6+ bxc6 5. c4 Bg4 6. h3 Bh5 7. O-O Nf6 8.
Nc3 e6 9. Re1 Be7 10. Qe2 h6 11. Qe3 { } 11... d5 12. cxd5 cxd5 13. d4 dxe4 14.
Nxe4 Bxf3 15. Qxf3 cxd4 16. Nxf6+ Bxf6 17. Qc6+ Kf8 18. Qc5+ Qe7 19. Qc4 19...
Kg8 { } 20. f4 Kh7 21. Bd2 Rhc8 22. Qd3+ Kg8 23. g4 Rd8 24. Ba5 Rd5 25. Qf3 Qd7
26. Bb4 { } 26... Rb8 27. a3 a5 28. Bd2 Rxb2 29. Rad1 a4 30. Bb4 Rb3 31. Qf2
Rxh3 32. Kg2 32... Rb3 { } 33. g5 hxg5 34. Rh1 gxf4 35. Qf1 Rg5+ 36. Kf2 d3 37.
Qh3 Qd4+ 38. Kf1 Rxb4 1-0

[Event "BankAm-MotKnights"]
[Site "?"]
[Date "2000.05.20"]
[Round "2"]
[White "Bargerstock, D"]
[Black "Thomson, J"]
[Result "0-1"]
[WhiteElo "1815"]
[BlackElo "1657"]
[PlyCount "77"]
[EventDate "2000.??.??"]

1. d4 d5 2. Nf3 Nf6 3. e3 e6 4. Bd3 c5 5. c3 Nc6 6. Nbd2 Bd6 7. O-O O-O 8. Qe2
{ } 8... e5 9. dxc5 Bxc5 10. e4 d4 11. cxd4 Nxd4 12. Nxd4 Bxd4 13. Nf3 Bg4 14.
h3 Bxf3 15. Qxf3 Qb6 16. Rb1 Rfd8 17. Bg5 Rd6 18. b3 Rad8 19. Bc4 a6 20. Rbc1
h6 21. Bh4 Qb4 22. Bxf6 Rxf6 23. Qe2 Qb6 24. Rc2 { } 24... Qa7 25. Kh1 Kf8 26.
Bd5 b5 27. f3 b4 28. Rfc1 Bc3 29. a3 a5 30. Ra2 Qb6 31. axb4 axb4 32. Qc4 { }
32... Rfd6 33. Kh2 Qd4 34. Bxf7 Qe3 35. Bg8 { } 35... Qf4+ 36. g3 Rd2+ 37. Rxd2
Qxd2+ 38. Kg1 Qxc1+ 39. Kg2 0-1

[Event "BankAm-MotKnights"]
[Site "?"]
[Date "2000.05.20"]
[Round "2"]
[White "Sitar, K"]
[Black "Augsburger, L"]
[Result "0-1"]
[WhiteElo "1541"]
[BlackElo "1712"]
[PlyCount "50"]
[EventDate "2000.??.??"]

1. c4 e5 2. Nc3 Nf6 3. e4 Bc5 4. Nf3 d6 5. Na4 { } 5... Nxe4 6. Nxc5 Nxc5 7. d4
exd4 8. Qe2+ Ne6 9. Nxd4 O-O 10. Nxe6 Bxe6 11. Be3 Re8 12. Qf3 Nc6 13. b3 13...
Qd7 { } 14. g3 d5 15. Rd1 d4 16. Be2 Bh3 17. Qh5 Bg2 18. Rg1 Be4 19. Bd3 { }
19... Bxd3 20. Rxd3 Qe7 21. Ke2 dxe3 22. fxe3 Rad8 23. Rgd1 Rxd3 24. Rxd3 Nb4
25. Rc3 Nxa2 0-1

[Event "UOP-Tyros"]
[Site "?"]
[Date "2000.05.20"]
[Round "3"]
[White "Sajbel, P"]
[Black "Guio, J"]
[Result "1/2-1/2"]
[WhiteElo "1913"]
[BlackElo "2007"]
[PlyCount "79"]
[EventDate "2000.??.??"]

1. c4 e5 2. Nc3 Nf6 3. e4 Bc5 4. d3 h6 5. g3 d6 6. Be3 Bxe3 7. fxe3 Ng4 8. Qd2
Qg5 9. Nd5 Na6 10. Nf3 Qd8 11. Bg2 c6 12. Nc3 Be6 13. h3 Nf6 14. b3 14... Qc7 {
} 15. d4 Nh5 16. g4 Nf6 17. d5 Bd7 18. Nh4 Rd8 19. Rf1 Bc8 20. Nf5 Bxf5 21.
exf5 Qb6 22. e4 Nc5 23. Rd1 Qb4 24. Ke2 { } 24... a5 25. Rb1 Ke7 26. Rfd1 Rd7
27. Bf3 Ra8 28. h4 Rh8 29. Rh1 a4 30. g5 hxg5 31. hxg5 { } 31... Rxh1 32. gxf6+
gxf6 33. Bxh1 axb3 34. axb3 34... Nxb3 { } 35. Qe1 Qxc4+ 36. Kf2 Qd4+ 37. Qe3
Na5 38. Qxd4 exd4 39. Ne2 c5 40. Bf3 {
No more moves recorded. Draw agreed when match was decided.} 1/2-1/2

[Event "Tyros-UOP"]
[Site "?"]
[Date "2000.05.20"]
[Round "3"]
[White "Diaz, P"]
[Black "Boldingh, E"]
[Result "0-1"]
[WhiteElo "1996"]
[BlackElo "1846"]
[PlyCount "74"]
[EventDate "2000.??.??"]

1. Nc3 f5 2. e4 fxe4 3. Nxe4 g6 4. d4 Bg7 5. Nf3 Nf6 6. Bd3 b6 7. Neg5 O-O 8.
h4 Qe8 9. h5 { } 9... gxh5 10. Bf4 d6 11. Qe2 h6 12. Ne6 Bxe6 13. Qxe6+ Qf7 14.
Qxf7+ Kxf7 15. O-O-O e6 16. Rde1 Nbd7 17. Nh4 Nd5 18. Be3 c5 19. Ng6 Rfd8 20.
Nf4 N7f6 21. Bg6+ 21... Ke7 { } 22. Nxe6 Kxe6 23. Bxh6+ Kd7 24. Bxg7 Rg8 25.
Bf5+ Kc6 26. Bxf6 Nxf6 27. dxc5 Rg5 28. Bh3 bxc5 29. g3 { } 29... Rb8 30. Bg2+
Kd7 31. Re2 Rgg8 32. Rhe1 Rg7 33. c4 Ng4 34. Kc2 Ne5 35. Bd5 Re7 36. f4 Ng6 37.
Rxe7+ 37... Nxe7 { After two unrecorded moves, White flagged.} 0-1

[Event "UOP-Tyros"]
[Site "?"]
[Date "2000.05.20"]
[Round "3"]
[White "Lechnick, J"]
[Black "Buchner, R"]
[Result "1-0"]
[WhiteElo "1820"]
[BlackElo "1943"]
[PlyCount "131"]
[EventDate "2000.??.??"]

1. e4 e5 2. Nf3 Nf6 3. d4 Nxe4 4. dxe5 d5 5. Bd3 Be7 6. Nbd2 Nxd2 7. Bxd2 Bg4
8. h3 Bh5 9. Qe2 Qd7 10. O-O-O 10... c5 { } 11. c4 d4 12. g4 Bg6 13. Ng5 Bxd3
14. Qxd3 Bxg5 15. Bxg5 h6 16. Bh4 g5 17. Bg3 Qe6 18. Rdf1 Nd7 19. f4 gxf4 20.
Bxf4 20... O-O-O { } 21. Re1 Rde8 22. b3 f6 23. exf6 Qxf6 24. Qg3 { } 24... d3
25. Kd2 Qb2+ 26. Kxd3 Qxa2 27. Kc3 Nf6 28. Be5 Qa5+ 29. Kc2 Rhf8 30. g5 { }
30... Nd7 31. Bc3 Qb6 32. gxh6 Qxh6 33. Rhg1 Rxe1 34. Rxe1 Qf4 35. Re8+ Kc7 36.
Qxf4+ Rxf4 37. Re7 Kd6 38. Rh7 Rf2+ 39. Kd3 Rf3+ 40. Kd2 Rf2+ 41. Ke3 Rg2 42.
Rh6+ Kc7 43. h4 Rg3+ 44. Kd2 Rg2+ 45. Kc1 Rg3 46. Kb2 Rf3 47. Rh7 Kd6 48. h5
Ke6 49. h6 Rh3 50. Rh8 { } 50... Nf6 51. Bxf6 Kxf6 52. h7 Kg7 53. Rb8 Rxh7 54.
Rxb7+ Kg6 55. Rxh7 Kxh7 56. Ka3 { } 56... Kg6 57. Ka4 Kf5 58. Kb5 Ke6 59. Kxc5
Kd7 60. Kb5 Kc7 61. Ka6 Kb8 62. b4 Ka8 63. c5 Kb8 64. b5 { } 64... Ka8 65. c6
Kb8 66. c7+ 1-0

[Event "Tyros-UOP"]
[Site "?"]
[Date "2000.05.20"]
[Round "3"]
[White "Stinson, M"]
[Black "Micklich, F"]
[Result "1-0"]
[WhiteElo "1942"]
[BlackElo "1617"]
[PlyCount "63"]
[EventDate "2000.??.??"]

1. d4 g6 2. c4 Bg7 3. Nc3 d6 4. e4 Nc6 5. Be3 e5 6. Nge2 f5 7. f3 Nf6 8. d5 Ne7
9. Qd2 { } 9... a6 10. b4 b6 11. Nc1 O-O 12. h3 Nh5 13. Nd3 Nf4 14. Nxf4 14...
exf4 { } 15. Bd4 fxe4 16. fxe4 f3 17. g4 f2+ 18. Bxf2 c5 19. Rb1 Rf3 20. Nd1
Bd7 21. Bg2 Rf7 22. O-O 22... Kh8 { } 23. Nb2 Ng8 24. Bg3 Rxf1+ 25. Rxf1 Qe7
26. Nd3 26... Nf6 { } 27. e5 dxe5 28. d6 Qe8 29. Bxa8 Qxa8 30. Bxe5 Qd8 31. Qf4
Nh5 32. Qf8+ 1-0

[Event "Exemplars-Aces"]
[Site "?"]
[Date "2000.05.20"]
[Round "3"]
[White "Benesa, A"]
[Black "Reyes, R"]
[Result "1-0"]
[WhiteElo "2252"]
[BlackElo "2350"]
[PlyCount "102"]
[EventDate "2000.??.??"]

1. Nf3 g6 2. g3 Bg7 3. d4 Nf6 4. Bg2 O-O 5. c4 c5 6. O-O Nc6 7. Nc3 cxd4 8.
Nxd4 8... a6 { } 9. Nc2 d6 10. b3 Rb8 11. Bb2 Bd7 12. a4 Ne5 13. Nd5 Nxd5 14.
cxd5 Be8 15. Ne3 Bd7 16. Nc4 Nxc4 17. Bxg7 Kxg7 18. bxc4 Qb6 19. Qd3 Rfc8 20.
Qe4 { } 20... Qd8 21. Qd4+ Kg8 22. h4 Rc5 23. h5 Rbc8 24. hxg6 hxg6 25. Rfc1 { 
} 25... b5 26. axb5 axb5 27. Qe3 bxc4 28. Rc3 Rb8 29. Qd4 Qc7 30. Rac1 Rc8 31.
Bf3 Bf5 32. g4 Bd7 33. g5 Qd8 34. Kg2 { } 34... e5 35. Qh4 Qf8 36. Bg4 f5 37.
Rh1 Qg7 38. Rch3 Kf7 39. Qg3 39... Kg8 { } 40. Rh6 fxg4 41. Rh8+ Kf7 42. R8h7
Rg8 43. Rxg7+ Rxg7 44. Rc1 Bf5 45. Qe3 Rh7 46. f3 gxf3+ 47. exf3 c3 48. Qe2 c2
49. Qd2 Rh4 50. Qe1 Rh5 51. Qb4 51... Rxg5+ {
Score unreadable. White made backrank mate threat to win.} 1-0

[Event "Aces-Exemplars"]
[Site "?"]
[Date "2000.05.20"]
[Round "3"]
[White "Allen, H"]
[Black "Inumerable, F"]
[Result "0-1"]
[WhiteElo "1962"]
[BlackElo "2277"]
[PlyCount "86"]
[EventDate "2000.??.??"]

1. d4 d5 2. c4 c6 3. Nf3 Nf6 4. e3 Bg4 5. cxd5 cxd5 6. Nc3 e6 7. Qa4+ Nbd7 8.
Ne5 a6 9. Nxd7 Nxd7 10. Bd3 Bd6 11. h3 Bh5 12. Bd2 O-O 13. O-O { } 13... f5 14.
f4 b5 15. Qb3 Nb6 16. Be2 Nc4 17. Rad1 Be8 18. Bf3 Rc8 19. Ne2 a5 20. a3 a4 21.
Qa2 Qe7 22. Qb1 22... Kh8 { } 23. Kf2 g5 24. Be1 g4 25. hxg4 25... fxg4 { } 26.
Rh1 gxf3 27. gxf3 Qg7 28. Bc3 Bg6 29. Qc1 Rf7 30. Rdg1 Rcf8 31. Rg4 Rg8 32. e4
Qf8 33. e5 Be7 34. Rhg1 Rgg7 35. Ng3 { } 35... Bd3 36. Rxg7 Rxg7 37. Rh1 Qd8
38. Qd1 38... Bh4 { } 39. Qxd3 Bxg3+ 40. Ke2 Bxf4 41. Be1 Rg2+ 42. Bf2 Qg8 43.
Kf1 { } 43... Rxf2+ {as 44 Kf2 Qg3+ forces 45 Ke2 Qg2+ winning} 0-1

[Event "Exemplars-Aces"]
[Site "?"]
[Date "2000.05.20"]
[Round "3"]
[White "Gazmen, B"]
[Black "Czerniecki, K"]
[Result "0-1"]
[WhiteElo "2098"]
[BlackElo "1969"]
[PlyCount "65"]
[EventDate "2000.??.??"]

1. e4 d6 2. d4 g6 3. Be3 Bg7 4. Nc3 Nf6 5. Qd2 Ng4 6. Bg5 h6 7. Bh4 7... c6 { }
8. a4 Qb6 9. f3 Bxd4 10. Nge2 { } 10... Bf2+ 11. Bxf2 Qxf2+ 12. Kd1 Ne3+ 13.
Kc1 Nxf1 14. Qd1 Qe3+ 15. Kb1 Nd2+ 16. Ka2 Na6 17. b3 Be6 18. Qg1 Qb6 19. Nd4 {
} 19... Qc5 20. Kb2 Qb4 21. Na2 Nc4+ 22. Kb1 Qb6 23. a5 Nxa5 24. Nxe6 Qxg1+ 25.
Rxg1 fxe6 26. Kb2 { } 26... b6 27. Nc1 c5 28. c3 Nc7 29. Ne2 e5 30. Rgd1 Ne6
31. Rd2 c4 32. Nc1 cxb3 33. Rf2 0-1

[Event "Aces-Exemplars"]
[Site "?"]
[Date "2000.05.20"]
[Round "3"]
[White "Golla, R"]
[Black "Friske, T"]
[Result "0-1"]
[WhiteElo "1861"]
[BlackElo "1974"]
[PlyCount "112"]
[EventDate "2000.??.??"]

1. Nf3 d5 2. c4 Nf6 3. d4 g6 4. Nc3 Bg7 5. cxd5 Nxd5 6. e4 Nxc3 7. bxc3 O-O 8.
Bd3 c5 9. Be3 Nc6 10. e5 cxd4 11. cxd4 11... Bg4 { } 12. Be4 Qd7 13. h3 Bxf3
14. Bxf3 Rfd8 15. Rb1 Rac8 16. O-O b6 17. Bxc6 Qxc6 18. Qb3 { } 18... Qc2 19.
Rbc1 Qxb3 20. axb3 Kf8 21. g4 Ke8 22. Kg2 Rxc1 23. Rxc1 Kd7 24. Kf3 f6 25. Ke4
e6 26. exf6 Bxf6 27. g5 Bg7 28. Bf4 { } 28... Rc8 29. Rxc8 Kxc8 30. Be5 Bf8 31.
d5 Kd7 32. f4 Bd6 33. h4 a5 34. Bd4 34... Bc7 { } 35. Be5 exd5+ 36. Kxd5 Bxe5
37. fxe5 { } 37... b5 38. Kc5 a4 39. bxa4 bxa4 40. Kb4 Ke6 41. Kxa4 41... Kxe5
{ } 42. Kb4 Kf4 43. Kc4 Kg4 44. Kd4 Kxh4 45. Ke4 Kxg5 46. Kf3 Kh4 47. Kg2 Kg4
48. Kh2 Kf3 49. Kg1 Kg3 50. Kh1 g5 51. Kg1 g4 52. Kh1 Kf2 53. Kh2 g3+ 54. Kh3
g2 55. Kh4 g1=Q 56. Kh5 Kf3 0-1

[Event "Exemplars-Aces"]
[Site "?"]
[Date "2000.05.20"]
[Round "3"]
[White "Sollano, E"]
[Black "Franek, M"]
[Result "1-0"]
[WhiteElo "1920"]
[BlackElo "1767"]
[PlyCount "64"]
[EventDate "2000.??.??"]

1. Nf3 Nf6 2. g3 g6 3. Bg2 Bg7 4. O-O O-O 5. d3 d5 6. Nbd2 c5 7. c3 Nc6 8. Re1
Re8 9. Qc2 Qc7 10. e4 dxe4 11. dxe4 11... e5 { } 12. Nf1 b6 13. Bg5 Bb7 14.
Rad1 Rad8 15. Ne3 Ne7 16. Nd2 h6 17. Bxf6 Bxf6 18. Nf3 Bg7 19. Nh4 { } 19... g5
20. Nhf5 Nxf5 21. Nxf5 Bf8 22. Qe2 Bc8 23. Ne3 Be6 24. b3 Qc8 25. Bf3 Bg7 26.
Rxd8 Rxd8 27. Rd1 Rxd1+ 28. Qxd1 Bf6 29. Ng4 Bg7 30. Ne3 Bf6 31. Be2 Qb7 32.
Qd3 32... Be7 { No more moves recorded until time control complete. White won
N vs B ending by advancing King to g6.} 1-0

[Event "Aces-Exemplars"]
[Site "?"]
[Date "2000.05.20"]
[Round "3"]
[White "Litvinas, A"]
[Black "Cumberland, M"]
[Result "1-0"]
[WhiteElo "1651"]
[BlackElo "1326"]
[PlyCount "91"]
[EventDate "2000.??.??"]

1. d4 e6 2. c4 g6 3. Nc3 Bg7 4. Nf3 Ne7 5. e4 d6 6. Be2 Nd7 7. Bg5 h6 8. Bh4
O-O 9. O-O c5 10. dxc5 dxc5 11. Qd6 Re8 12. Rad1 { } 12... a5 13. Nb5 Ra6 14.
Qc7 f6 15. Bg3 Rc6 16. Qf4 e5 17. Qd2 Qb6 18. Nd6 Rd8 19. Nb5 Re6 20. Nc3 Kf8
21. Nh4 Ke8 22. Qc2 Nf8 23. Nd5 { } 23... Nxd5 24. exd5 Re7 25. Nxg6 Nxg6 26.
Qxg6+ Kf8 27. b3 Qd6 28. Bh5 { } 28... f5 29. Bh4 Qxg6 30. Bxe7+ Kxe7 31. Bxg6
Rd6 32. Bh5 Kf6 33. h3 Bd7 34. Rd3 Ke7 35. Rg3 Kf8 36. Rg6 Rxg6 37. Bxg6 Ke7
38. Re1 Kf6 39. Bh5 f4 40. g3 fxg3 41. fxg3 { } 41... b6 42. Rf1+ Ke7 43. Rf7+
Kd6 44. Rxg7 e4 45. Kf2 Bf5 46. Ke3 1-0

[Event "Dragons-MotKnights"]
[Site "?"]
[Date "2000.05.20"]
[Round "3"]
[White "Tegel, F"]
[Black "Fridman, Y"]
[Result "1/2-1/2"]
[WhiteElo "2102"]
[BlackElo "2007"]
[PlyCount "80"]
[EventDate "2000.??.??"]

1. d4 Nf6 2. Bg5 g6 3. c4 Bg7 4. Nc3 O-O 5. e4 d6 6. Be2 Nbd7 7. Nf3 c5 8. O-O
cxd4 9. Nxd4 Nc5 10. Bf3 { } 10... Qb6 11. Nb3 Qb4 12. Nxc5 Qxc5 13. Bxf6 Bxf6
14. Qd3 Be6 15. Nd5 Bxd5 16. cxd5 { } 16... Rfc8 17. Rab1 Qc2 18. Qa3 a5 19. b3
Qd2 20. Rfd1 Qf4 21. Rd3 Rc2 22. g3 Qe5 23. Qa4 { } 23... Rc3 24. Qb5 Rxd3 25.
Qxd3 Rc8 26. Qd2 Rc3 27. Kg2 Qd4 28. Qxd4 Bxd4 29. Re1 b5 30. Re2 a4 31. bxa4
bxa4 32. Bg4 a3 33. Bd7 Rc1 34. Ba4 Rb1 35. Rd2 { } 35... Rb4 36. Bb3 Bc3 37.
Rc2 Bb2 38. Bc4 Kg7 39. Kf3 Bd4 40. Ke2 40... Rb1 { } 1/2-1/2

[Event "MotKnights-Dragons"]
[Site "?"]
[Date "2000.05.20"]
[Round "3"]
[White "Samelson, C"]
[Black "Ludwig, T"]
[Result "1-0"]
[WhiteElo "1919"]
[BlackElo "2071"]
[PlyCount "69"]
[EventDate "2000.??.??"]

1. e4 c5 2. Nf3 Nc6 3. d4 cxd4 4. Nxd4 g6 5. c4 Bg7 6. Be3 Nh6 7. Be2 f5 8. Nc3
O-O 9. O-O { } 9... f4 10. Nxc6 bxc6 11. Bd4 d6 12. Bxg7 Kxg7 13. h3 Nf7 14.
Qd2 Ne5 15. f3 Be6 16. b3 g5 17. Rad1 Qd7 18. Kh2 18... Rf6 { } 19. Rh1 Rh6 20.
Kg1 Rf8 21. Kf2 Rff6 22. Rdg1 Rhg6 23. Ke1 Bg8 24. Nd1 Qc7 25. Nf2 h5 26. Nd3 {
} 26... d5 27. Qc3 Nxd3+ 28. Bxd3 dxc4 29. Bxc4 Bxc4 30. bxc4 c5 31. Kf2 Kh7
32. Rd1 Rd6 33. Rd5 33... Rge6 { } 34. g4 Kh6 35. Qb2 1-0

[Event "Dragons-MotKnights"]
[Site "?"]
[Date "2000.05.20"]
[Round "3"]
[White "Pehas, A"]
[Black "Horton, D"]
[Result "0-1"]
[WhiteElo "1939"]
[BlackElo "1805"]
[PlyCount "56"]
[EventDate "2000.??.??"]

1. c4 Nf6 2. g3 e5 3. Bg2 c6 4. d4 Bb4+ 5. Nc3 Qe7 6. dxe5 Bxc3+ 7. bxc3 7...
Qxe5 { } 8. Qd4 d6 9. Nf3 Qe6 10. Bf4 O-O 11. O-O c5 12. Qxd6 12... Qxc4 { }
13. Ne5 Qxe2 14. Rfe1 Qh5 15. Rad1 Nbd7 16. Nxd7 16... Bxd7 { } 17. Re5 Bf5 18.
Rxc5 Qg6 19. Rc7 Be4 20. Re7 Bxg2 21. Kxg2 Rfc8 22. Rde1 { } 22... Rd8 23. Qc7
Nd5 24. Qxb7 Nxf4+ 25. Kf1 Qd3+ 26. Kg1 26... Ne6 { } 27. R1xe6 fxe6 28. Rxg7+
Kh8 0-1

[Event "MotKnights-Dragons"]
[Site "?"]
[Date "2000.05.20"]
[Round "3"]
[White "Thomson, J"]
[Black "Dobrovolny, C"]
[Result "1/2-1/2"]
[WhiteElo "1657"]
[BlackElo "1776"]
[PlyCount "61"]
[EventDate "2000.??.??"]

1. e4 c5 2. d4 cxd4 3. c3 Nf6 4. e5 Nd5 5. Nf3 e6 6. Nxd4 a6 7. Be2 Nc6 8. f4 {
} 8... d6 9. Nxc6 bxc6 10. exd6 Bxd6 11. O-O O-O 12. c4 { } 12... Bc5+ 13. Kh1
Ne3 14. Bxe3 Bxe3 15. Nc3 Qc7 16. Bf3 Rb8 17. Qe2 Bxf4 18. h3 Be5 19. Rac1 Rd8
20. b3 Bxc3 21. Rxc3 c5 22. Rd1 Rxd1+ 23. Qxd1 Bb7 24. Rd3 Bxf3 25. gxf3 { }
25... Rf8 26. Kg2 Qf4 27. Rd6 Qg5+ 28. Kf2 a5 29. Ra6 Qe5 30. Rxa5 { } 30...
Qh2+ 31. Ke3 1/2-1/2

[Event "Dragons-MotKnights"]
[Site "?"]
[Date "2000.05.20"]
[Round "3"]
[White "Altshuller, D"]
[Black "Augsburger, L"]
[Result "1/2-1/2"]
[WhiteElo "1728"]
[BlackElo "1712"]
[PlyCount "108"]
[EventDate "2000.??.??"]

1. e4 c6 2. d4 d5 3. e5 Bf5 4. Nc3 e6 5. g4 Bg6 6. Nge2 c5 7. Nf4 Nc6 8. Bb5
Qb6 9. Be3 { } 9... O-O-O 10. Bxc6 Qxc6 11. Nxg6 hxg6 12. Qd2 f6 13. f4 13...
Nh6 { } 14. h3 Nxg4 15. O-O-O Nxe3 16. Qxe3 cxd4 17. Qxd4 Bc5 18. Qd3 { } 18...
Rh6 19. Nb5 Qb6 20. Nd4 Rdh8 21. Qc3 Kd7 22. Rd3 Bxd4 23. Rxd4 Rc8 24. Qe3 Rc4
25. c3 Rxd4 26. cxd4 Qc6+ 27. Kb1 Ke7 28. Rc1 Qb6 29. exf6+ gxf6 30. f5 { }
30... g5 31. Re1 Rh4 32. Qa3+ Kf7 33. Rxe6 Qc7 34. Qa4 Rh8 35. Qb5 Rc8 36. a3
Qc1+ 37. Ka2 Qc4+ 38. Qb3 Qxb3+ 39. Kxb3 39... Rc4 { } 40. Rd6 Rxd4 41. Rd7+
Ke8 42. Rxb7 Rd3+ 43. Kc2 Rxh3 44. Rb5 { } 44... g4 (44... d4 {
Black can sac d-Pawn to force won Pawn ending.} 45. Rb8+ (45. Rd5 d3+ 46. Rxd3
Rxd3 47. Kxd3 {Black has outside passer}) 45... Kd7 46. Rb7+ Kd6 47. Rxa7 47...
g4 {as in game, except Black has two passers to divert White}) 45. Rxd5 g3 46.
Rd1 Rh2+ 47. Kc3 Rf2 48. Rg1 g2 49. b4 Kd7 50. b5 Kc7 51. a4 a6 52. bxa6 52...
Kb6 { } 53. Kd3 Kxa6 54. Ke3 Rxf5 1/2-1/2